000 01928cad a22003015a 4500
001 E152361
008 110228s2011 xxk f s000 0 eng d
020 _a9781780450278
022 1 _a0141-514X
035 _a(Sirsi) u152361
041 0 _aeng
050 0 4 _a711.1 $2 18
110 2 _aScotland
_bScottish Government
_95344
245 0 0 _aAnnex to circular 1 2010
_bplanning agreements, planning obligations and good neighbour agreements
_h[electronic resource]
260 _aEdinburgh
_bScottish Government
_c2011
490 0 _aPlanning Circular
_v(1/2010)
520 _aSets out policy relating to planning obligations and good neighbour agreements under the Town and Country Planning (Scotland) Act 1997 S75 and S75D, as amended by the Planning etc (Scotland) Act 2006. Also covers provisions set out in the following regulations: Town and Country Planning (Modification and Discharge of Planning Obligations) (Scotland) Regulations 2010 (SSI 2010 No.432); Town and Country Planning (Modification And Discharge of Good Neighbour Agreement) (Scotland) Regulations 2010 (SSI 2010 No.433); and Planning etc (Scotland) Act 2006 (Saving and Transitional Provisions) Order 2010 (SSI 2010 No 431).
521 _aAdvanced
590 _aKA
650 1 4 _aTOWN AND COUNTRY PLANNING (SCOTLAND) ACT 1997 S75
650 2 4 _aTOWN AND COUNTRY PLANNING (MODIFICATION AND DISCHARGE OF PLANNING OBLIGATIONS) (SCOTLAND) REGULATIONS 2010
650 2 4 _aTOWN AND COUNTRY PLANNING (MODIFICATION AND DISCHARGE OF GOOD NEIGHBOUR AGREEMENT) (SCOTLAND) REGULATIONS 2010
650 2 4 _aPLANNING ETC. (SCOTLAND) ACT 2006 (SAVING AND TRANSITIONAL PROVISIONS) ORDER 2010
651 4 _aScotland
_y1999-
690 _aENVIRONMENTAL AND LAND CONSULTANCY-PLANNING AND DEVELOPMENT-PLANNING GUIDANCE
856 4 0 _uhttps://www.scotland.gov.uk/Publications/2011/02/21110750/0
_zView the circular free of charge at www.scotland.gov.uk...
942 _n0
999 _c112018
_d112018